000 00628nam a22001937a 4500
999 _c4737
_d4737
003 AR-CdUCM
008 190311b ||||| |||| 00| 0 esp d
040 _aMUNICIPALIDAD PROVINCIAL DEL CUSCO
_cBIBLIOTECA MUNICIPAL DEL CUSCO
082 _a869.56 /
_bV19
100 _aValdivia, Oscar
_910062
245 _aEl mar y el viento /
_cOscar Valdivia
260 _aArequipa :
_bCasa de la Cultura,
_c1964.
300 _a58 paginas ;
_c20 cm.
505 _aEl bote ausente -- La casa desierta -- Las aves muertas -- El cóndor ...
650 _aCuentos peruanos
_97
650 _asiglo XX
_9556
942 _2ddc
_cLIBROS
945 _artm